000 00420nam a2200157Ia 4500
005 20250321152103.0
008 231217s9999 xx 000 0 und d
020 _a9788184045925
082 _a001.6424JAV SHA;1 R
100 _aShah, Sharanam. Shah, Vaishali.
245 0 _aJavaserver pages project for beginners
250 _a1st ed.
260 _c2008
_bShroff
_aMumbai
300 _axxiii, 666+55
942 _cAA
999 _c184846
_d184846